000
00233 a2200097 4500
001
34993
100
_a
Blake
245
_a
Jane's Radar & Electronic Warfare system
260
_a
U.K
_b
Jane Information Group
_c
090
_c
23145
_d
23145
942
_a
NUST-CAE
_c
M
_c
14609
999
_c
270066
_d
270066